000 00784nam a22001937a 4500
999 _c20442
_d20442
003 AR-CdUCM
008 190530b ||||| |||| 00| 0 spa d
040 _aMUNICIPALIDAD PROVINCIAL DEL CUSCO
_cBIBLIOTECA MUNICIPAL DEL CUSCO
082 _a371.308 /
_bF84
100 _aFrick, Willard B
_942742
245 _aPsicología humanística :
_bEntrevistas con Maslow, Murphy y Rogers /
260 _aBuenos Aires :
_bGuadalupe,
_bCentro regional de ayuda técnica,
_c1973.
300 _a202 páginas ;
_c23 cm.
505 _aContenido : La teoría holista de la personalidad : perspectiva histórica -- Temas básicos -- Tres teorías de la personalidad sana...
650 _aTeoría holista
_942743
650 _aEntrevistas con el doctor
_942744
942 _2ddc
_cLIBROS
945 _aandy